000
00315nam a2200121Ia 4500
008
210430s9999 xx 000 0 und d
082
_a
621.402 G726T
100
_a
Granet,Irving
_9
40688
245
_a
Thermodynamics And Heat Power
_c
Granet,Irving
260
_a
New York
_c
1990
300
_a
796p.
942
_c
BK
_2
ddc
999
_c
565900
_d
565900